00400nam a2200157Ia 45000010006000000050017000060080041000230410008000640820023000721000024000952450065001192600009001843000033001936500008002266540008002342262320260414150843.0260414t2017||||xx |||||||||||||| ||spa|| aESP a621.3822bK19 V. 1 aKamenov, AntoneAUT 0aDigital signal processing for audio applications :bformulae c2017 axix, 293 páginas :c24 cm. aTCA aCET